000 00509cam a2200193ua 4500
001 3100
005 20260515113632.0
008 110928n ii |||gr||||Z||||||asm
040 _cMAIN
082 _a891.4513
100 1 _aBarkataky, Biren,
_eEditor.,
245 1 1 _aUpanyasik RajaniKanta Bordoloi
_ced. by Biren Barkataky
250 _a2nd.
260 _aJorhat:
_bAssam sahitya sabha,988.
300 _a176p:
_c23cm.
653 _aAssamese novel
653 _aUpanyasik RajaniKanta Bordoloi
942 _cBK
999 _c2944
_d2944